[Event "Eliminacje Strefowe do Mistrzostw Polski Juniorow i Mlodzikow (ZP+WP) C-13"]
[Site "Lazy, Centrum Fala 1"]
[Date "1899-12-30"]
[Round "3.6"]
[White "Drzewiecki, Milosz"]
[Black "Olszewski, Dawid"]
[Result "1-0"]
[WhiteTitle "II"]
[BlackTitle "II"]
[WhiteElo "1210"]
[BlackElo "1166"]

1. e4 e5 2. f4 exf4 3. Nf3 Nc6 4. d4 d5 5. exd5 Qxd5 6. Nc3 Qd8 7. Bxf4 Nf6 8.
Bb5 Bd7 9. O-O Be7 10. Ne5 Nxe5 11. Bxe5 O-O 12. Bd3 a6 13. Qf3 Bc6 14. Qf5 g6
15. Qf2 Nd5 16. Nxd5 Bxd5 17. c4 Bc6 18. d5 f6 19. Bc3 b6 20. Be4 f5 21. Bf3 Be8
22. d6 Bxd6 23. Rad1 Ra7 24. Kh1 Bf7 25. Qd4 1-0

[Event "Eliminacje Strefowe do Mistrzostw Polski Juniorow i Mlodzikow (ZP+WP) C-13"]
[Site "Lazy, Centrum Fala 1"]
[Date "1899-12-30"]
[Round "3.7"]
[White "Labedzki, Kamil"]
[Black "Swiderski, Milosz"]
[Result "1-0"]
[WhiteTitle "II"]
[BlackTitle "II"]
[WhiteElo "1128"]
[BlackElo "1313"]

1. e4 d5 2. exd5 Qxd5 3. Nc3 Qd6 4. Nf3 Nf6 5. h3 Nc6 6. Bb5 Bf5 7. O-O a6 8. Bc4
e6 9. Re1 Be7 10. d3 O-O 11. Be3 Rad8 12. Qd2 Rfe8 13. a3 b5 14. Ba2 Bg6 15. Bf4
Qd7 16. Nh4 Bh5 17. g4 Bg6 18. Nxg6 hxg6 19. Ne4 e5 20. Ng5 Nd5 21. Bxe5 Bxg5
22. Qxg5 f6 23. Bxf6 Rxe1+ 24. Rxe1 gxf6 25. Qxg6+ Qg7 26. Bxd5+ Rxd5 27. Re8#
1-0

[Event "Eliminacje Strefowe do Mistrzostw Polski Juniorow i Mlodzikow (ZP+WP) C-13"]
[Site "Lazy, Centrum Fala 1"]
[Date "1899-12-30"]
[Round "3.8"]
[White "Garwacki, Kornel"]
[Black "Walkowski, Tobiasz"]
[Result "1/2-1/2"]
[WhiteTitle "II"]
[BlackTitle "II"]
[WhiteElo "1166"]
[BlackElo "1184"]

1. Nc3 e6 2. f4 f5 3. g3 c6 4. Bg2 d5 5. d4 Bd6 6. b3 Nf6 7. a4 O-O 8. Ba3 Bxa3
9. Rxa3 Qa5 10. Qd2 b5 11. Ra1 b4 12. Na2 Na6 13. e3 Bd7 14. Ne2 Rac8 15. O-O
c5 16. Rfc1 Rc7 17. dxc5 Qxc5 18. Nd4 Qb6 19. h3 Rb8 20. Qe2 Nc5 21. g4 fxg4 22.
hxg4 Nce4 23. g5 Ng3 24. Qe1 Nfe4 25. Bxe4 Nxe4 26. Kg2 Be8 27. Qe2 a6 28. Rh1
Bg6 29. Rac1 Rbc8 30. Rh2 Qd6 31. Nf3 Nxg5 32. Ne1 Ne4 33. Nd3 a5 34. Ne5 Bf5
35. Nd3 Nc3 36. Nxc3 Rxc3 37. Ne1 Qc5 38. Kf1 1/2-1/2

[Event "Eliminacje Strefowe do Mistrzostw Polski Juniorow i Mlodzikow (ZP+WP) C-13"]
[Site "Lazy, Centrum Fala 1"]
[Date "1899-12-30"]
[Round "3.9"]
[White "Pietras, Igor"]
[Black "Kolendo, Kajetan"]
[Result "1/2-1/2"]
[WhiteTitle "II"]
[BlackTitle "II"]
[WhiteElo "1312"]
[BlackElo "1360"]

1. e4 e6 2. d4 d5 3. Nd2 c5 4. c3 Nc6 5. Ngf3 Qb6 6. exd5 exd5 7. Bd3 Nf6 8. O-O
cxd4 9. Nxd4 Nxd4 10. cxd4 Qxd4 11. Re1+ Be7 12. Nf3 Qb6 13. Qe2 Qe6 14. Bb5+
Bd7 15. Qxe6 fxe6 16. Bxd7+ Nxd7 17. Rxe6 Kf7 18. Re2 Rhe8 19. Bg5 Bf6 20. Rae1
h6 21. Bxf6 Nxf6 22. Nd4 Rxe2 23. Rxe2 Re8 24. Rxe8 Nxe8 25. f3 Kf6 26. Kf2 Nd6
27. Ke2 Ke5 28. Kd3 a6 29. b3 g6 30. g3 g5 1/2-1/2

[Event "Eliminacje Strefowe do Mistrzostw Polski Juniorow i Mlodzikow (ZP+WP) C-13"]
[Site "Lazy, Centrum Fala 1"]
[Date "1899-12-30"]
[Round "3.10"]
[White "Leszcz, Mateusz"]
[Black "Malaczek, Franciszek"]
[Result "1-0"]
[WhiteTitle "II"]
[BlackTitle "II"]
[WhiteElo "1003"]
[BlackElo "1188"]

1. e4 c5 2. c3 d6 3. d4 cxd4 4. cxd4 Nf6 5. Nc3 g6 6. Nf3 Bg7 7. g3 O-O 8. Bg2
Bg4 9. h3 Bd7 10. O-O Qc8 11. Kh2 Qc4 12. Be3 Bb5 13. Re1 Nbd7 14. Bf1 Qb4 15.
Bxb5 Rac8 16. Bxd7 Nxd7 17. Nd5 Qxb2 18. Nxe7+ Kh8 19. Nxc8 Rxc8 20. Qb3 Qxb3
21. axb3 a6 22. Rec1 Re8 23. Rc7 Nf6 24. Rxb7 Nxe4 25. Rxa6 Kg8 26. Raa7 Rf8 27.
Re7 Nf6 28. Ng5 h6 29. Ne6 Nd5 30. Nxf8 Nxe7 31. Rxe7 Kxf8 32. Rd7 1-0

[Event "Eliminacje Strefowe do Mistrzostw Polski Juniorow i Mlodzikow (ZP+WP) C-13"]
[Site "Lazy, Centrum Fala 1"]
[Date "1899-12-30"]
[Round "4.1"]
[White "Wittych, Maciej"]
[Black "Katny, Samuel"]
[Result "1-0"]
[WhiteTitle "II"]
[BlackTitle "II"]
[WhiteElo "1241"]
[BlackElo "1387"]

1. e4 e5 2. Nf3 Nc6 3. Bb5 Bc5 4. O-O Nf6 5. d3 d6 6. c3 a6 7. Ba4 O-O 8. Nbd2
Ne7 9. h3 Ng6 10. Re1 Bb6 11. Nf1 c6 12. d4 Bd7 13. dxe5 dxe5 14. Bg5 Qc8 15.
Bxf6 gxf6 16. Ng3 Bxh3 17. Nh5 Bd8 18. gxh3 Qxh3 19. Nh2 Nh4 20. Qg4+ Qxg4+ 21.
Nxg4 Nf3+ 22. Kf1 Nxe1 23. Kxe1 Be7 24. Ke2 Rfd8 25. Rg1 Kf8 26. Nh6 Ke8 27. Ng8
Rd6 28. Ngxf6+ Bxf6 29. Rg8+ Ke7 30. Rxa8 Bg5 31. Ra7 Rd7 32. Ng3 Ke6 33. Bb3+
Kf6 34. Nf1 Bc1 35. Ra8 Bxb2 36. c4 Bc1 37. Rg8 h6 38. Rg3 Bf4 39. Rd3 Rxd3 40.
Kxd3 Kg5 41. f3 Kh4 42. Ke2 Bg3 43. c5 Kh3 44. Bxf7 Bh4 45. Be6+ Kg2 46. Bc8 Bf2
47. Ne3+ Bxe3 48. Kxe3 h5 49. f4 exf4+ 50. Kxf4 h4 51. Bf5 Kf2 52. e5 Ke2 53.
Bc8 Kd3 54. Bxb7 Kd4 55. Bxc6 Kxc5 56. Bh1 a5 57. Kf5 a4 58. e6 a3 59. e7 Kc4
60. e8=Q Kc3 61. Qe2 h3 62. Ke4 h2 63. Ke3 Kb4 64. Qc2 Kb5 65. Kd4 Ka6 66. Qb3
Ka5 67. Kc5 Ka6 68. Qb6# 1-0

[Event "Eliminacje Strefowe do Mistrzostw Polski Juniorow i Mlodzikow (ZP+WP) C-13"]
[Site "Lazy, Centrum Fala 1"]
[Date "1899-12-30"]
[Round "4.2"]
[White "Rosenfeld, Noe"]
[Black "Bury, Milosz"]
[Result "0-1"]
[WhiteTitle "II"]
[BlackTitle "II"]
[WhiteElo "1338"]
[BlackElo "1326"]

1. e4 c5 2. Nf3 e6 3. Nc3 Nc6 4. d4 cxd4 5. Nxd4 Nf6 6. Nxc6 bxc6 7. e5 Nd5 8.
Ne4 Qc7 9. f4 Qb6 10. c4 Bb4+ 11. Ke2 Ba6 12. Kf3 Nc7 13. Be3 c5 14. Kg3 Qc6 15.
Nd6+ Ke7 16. Qh5 Raf8 17. Qg5+ f6 18. Qxg7+ Kd8 19. Nf7+ Rxf7 20. Qxh8+ Ne8 21.
exf6 Qe4 22. Kf2 Rxf6 23. Be2 Bb7 24. Rhg1 e5 25. Bf3 Qc2+ 26. Kg3 Rg6+ 27. Bg4
Qe2 28. h3 Qxe3+ 29. Kh2 Qxf4+ 30. Kh1 Qxg4 31. Qxh7 Bxg2+ 32. Kh2 Qg3# 0-1

[Event "Eliminacje Strefowe do Mistrzostw Polski Juniorow i Mlodzikow (ZP+WP) C-13"]
[Site "Lazy, Centrum Fala 1"]
[Date "1899-12-30"]
[Round "4.3"]
[White "Kuczynski, Michal"]
[Black "Lesien, Tymoteusz"]
[Result "1-0"]
[WhiteTitle "II"]
[BlackTitle "II"]
[WhiteElo "1279"]
[BlackElo "1356"]

1. e4 c5 2. Nf3 Nc6 3. d4 cxd4 4. Nxd4 g6 5. c4 Bg7 6. Be3 Nf6 7. Nc3 d6 8. Be2
O-O 9. O-O Bd7 10. f3 a6 11. Qd2 Rc8 12. Rac1 Qa5 13. Nb3 Qd8 14. Nd5 Nxd5 15.
cxd5 Ne5 16. Rxc8 Qxc8 17. Rc1 Qb8 18. h3 Rc8 19. f4 Rxc1+ 20. Qxc1 Qd8 21. fxe5
Bxe5 22. Nd2 Qa5 23. Nc4 Qxa2 24. Nxe5 dxe5 25. Qc7 Qxb2 26. Bh6 Be8 27. Qxe7
1-0

[Event "Eliminacje Strefowe do Mistrzostw Polski Juniorow i Mlodzikow (ZP+WP) C-13"]
[Site "Lazy, Centrum Fala 1"]
[Date "1899-12-30"]
[Round "4.4"]
[White "Labedzki, Kamil"]
[Black "Zeissel, Andrzej"]
[Result "0-1"]
[WhiteTitle "II"]
[BlackTitle "II"]
[WhiteElo "1128"]
[BlackElo "1327"]

1. e4 e5 2. Nf3 Nc6 3. d4 exd4 4. Nxd4 Nf6 5. Nxc6 bxc6 6. Bg5 Be7 7. Bxf6 Bxf6
8. c3 O-O 9. Bd3 g6 10. O-O a5 11. Nd2 Ba6 12. Nf3 Re8 13. Bxa6 Rxa6 14. h3 Rb6
15. Qc2 Qe7 16. Rfe1 Reb8 17. Rab1 Qe6 18. b3 c5 19. c4 d6 20. Qd3 Kf8 21. Kh1
Kg7 22. Kg1 Be5 23. Nxe5 Qxe5 24. Qd5 Qxd5 25. exd5 Kf6 26. f4 Rb4 27. Rbc1 a4
28. bxa4 Rxa4 29. Rc2 Rbb4 30. Rec1 Kf5 31. Kf2 Kxf4 32. Ke2 Ke4 33. h4 f5 34.
g3 Ra3 35. Rg1 Rba4 36. Kd2 Rxa2 37. Rxa2 Rxa2+ 38. Kc3 Ra3+ 39. Kb2 Re3 40. g4
f4 41. g5 Kf3 42. Rf1+ Kg3 43. Kc2 f3 44. Kd2 Re2+ 45. Kd3 Kg2 46. Ra1 Re7 47.
h5 f2 48. hxg6 hxg6 49. Ra2 Kg1 0-1

[Event "Eliminacje Strefowe do Mistrzostw Polski Juniorow i Mlodzikow (ZP+WP) C-13"]
[Site "Lazy, Centrum Fala 1"]
[Date "1899-12-30"]
[Round "4.5"]
[White "Lakowski, Filip"]
[Black "Drzewiecki, Milosz"]
[Result "0-1"]
[WhiteTitle "II"]
[BlackTitle "II"]
[WhiteElo "1279"]
[BlackElo "1210"]

1. e4 Nc6 2. Nf3 e5 3. Bc4 Nf6 4. d3 Bc5 5. h3 O-O 6. c3 d6 7. Bb3 Be6 8. Nbd2
h6 9. Nf1 d5 10. exd5 Bxd5 11. Ng3 Re8 12. O-O Bxb3 13. axb3 Qd7 14. Qe2 Rad8
15. b4 Bb6 16. Re1 Qxd3 17. Qxd3 Rxd3 18. b5 Na5 19. b4 Nc4 20. Ne2 Ne4 21. Ra2
Bxf2+ 22. Kh2 Bxe1 23. Nxe1 Rd1 24. Nf3 Nxc3 25. Nxc3 Rxc1 0-1

[Event "Eliminacje Strefowe do Mistrzostw Polski Juniorow i Mlodzikow (ZP+WP) C-13"]
[Site "Lazy, Centrum Fala 1"]
[Date "1899-12-30"]
[Round "4.6"]
[White "Melerowicz, Dominik"]
[Black "Cholewa, Jan"]
[Result "1/2-1/2"]
[WhiteTitle "II"]
[BlackTitle "II"]
[WhiteElo "1324"]
[BlackElo "1243"]

1. e4 e5 2. Nf3 Nc6 3. Bb5 a6 4. Ba4 Bc5 5. O-O d6 6. h3 Nf6 7. Re1 O-O 8. c3 Bd7
9. d3 h6 10. Nbd2 Ne7 11. Bc2 Ng6 12. Nf1 Re8 13. Ng3 Nh7 14. a4 Nh4 15. b4 Ba7
16. Be3 Bxe3 17. Rxe3 Nxf3+ 18. Qxf3 Ng5 19. Qh5 Qe7 20. h4 Nh7 21. Nf5 Bxf5 22.
exf5 Nf6 23. Qf3 c6 24. Rae1 Nd5 25. Re4 Nxc3 26. Rg4 Kh8 27. d4 Nd5 28. dxe5
dxe5 29. Qg3 f6 30. Rge4 Nxb4 31. Bb3 Nd5 32. Qh3 Rad8 33. g4 Nf4 34. Rxf4 Qc5
35. Rfe4 Rd2 36. Qe3 Qd6 37. Qc3 Rd8 38. g5 Rd3 39. Qb4 c5 40. Qc4 b5 41. axb5
axb5 42. Qe6 c4 43. Qxd6 R8xd6 44. Bc2 Rd2 45. R4e2 b4 46. Rxd2 Rxd2 47. Rd1 Rd4
48. g6 b3 49. Ra1 Rd8 50. Be4 c3 51. Kf1 c2 52. Bxc2 bxc2 53. Ke2 Kg8 1/2-1/2

[Event "Eliminacje Strefowe do Mistrzostw Polski Juniorow i Mlodzikow (ZP+WP) C-13"]
[Site "Lazy, Centrum Fala 1"]
[Date "1899-12-30"]
[Round "4.7"]
[White "Olszewski, Dawid"]
[Black "Pietras, Igor"]
[Result "0-1"]
[WhiteTitle "II"]
[BlackTitle "II"]
[WhiteElo "1166"]
[BlackElo "1312"]

1. f4 d5 2. Nf3 g6 3. e3 Bg7 4. d4 Nh6 5. Bd3 O-O 6. c3 c5 7. O-O Qc7 8. Re1 Bf5
9. e4 dxe4 10. Bxe4 Nd7 11. Nh4 Bxe4 12. Rxe4 Nf6 13. Re1 cxd4 14. Qxd4 Nfg4 15.
Qb4 Bf6 16. Nf3 Nf5 17. h3 a5 18. Qb3 Qc5+ 19. Nd4 Bxd4+ 20. cxd4 Qxd4+ 21. Kh1
Qf2 22. hxg4 Qxe1+ 23. Kh2 Qxc1 24. gxf5 Qxf4+ 25. g3 Qxf5 26. Nd2 Qf2+ 27. Kh3
Qxd2 0-1

[Event "Eliminacje Strefowe do Mistrzostw Polski Juniorow i Mlodzikow (ZP+WP) C-13"]
[Site "Lazy, Centrum Fala 1"]
[Date "1899-12-30"]
[Round "4.8"]
[White "Walkowski, Tobiasz"]
[Black "Leszcz, Mateusz"]
[Result "1-0"]
[WhiteTitle "II"]
[BlackTitle "II"]
[WhiteElo "1184"]
[BlackElo "1003"]

1. e4 b6 2. d4 Bb7 3. Nc3 e6 4. f3 Bb4 5. Nge2 Nf6 6. a3 Bxc3+ 7. Nxc3 d5 8. e5
Nfd7 9. Be3 a6 10. Ne2 c5 11. c3 Nc6 12. Ng3 h6 13. Rc1 c4 14. Be2 Nf8 15. O-O
Ng6 16. f4 Nce7 17. f5 exf5 18. Nxf5 Nxf5 19. Rxf5 Bc8 20. Rf2 O-O 21. Qd2 Kh7
22. Rcf1 Be6 23. Bh5 Qe7 24. Qc2 b5 25. Rf3 Bd7 26. Rg3 Qe6 27. Qd2 Be8 28. Bxg6+
fxg6 29. Rxf8 1-0

[Event "Eliminacje Strefowe do Mistrzostw Polski Juniorow i Mlodzikow (ZP+WP) C-13"]
[Site "Lazy, Centrum Fala 1"]
[Date "1899-12-30"]
[Round "4.9"]
[White "Kolendo, Kajetan"]
[Black "Garwacki, Kornel"]
[Result "0-1"]
[WhiteTitle "II"]
[BlackTitle "II"]
[WhiteElo "1360"]
[BlackElo "1166"]

1. e4 d6 2. d4 g6 3. Nf3 Bg7 4. Bc4 a6 5. Bb3 b5 6. O-O Bb7 7. Nc3 b4 8. Nd5 a5
9. Re1 e6 10. Nf4 Qd7 11. d5 e5 12. Ne2 Ba6 13. c3 Bxe2 14. Rxe2 a4 15. Bc4 bxc3
16. bxc3 Ne7 17. Rb1 O-O 18. Reb2 h6 19. Rb4 g5 20. Bb5 Qc8 21. Bxa4 Na6 22. R4b2
Nc5 23. Bc2 f5 24. exf5 e4 25. Nd4 Nxf5 26. Be3 Nh4 27. Nc6 Qd7 28. Bd4 Rae8 29.
Bxg7 Kxg7 30. Nd4 Qf7 31. Qe2 Qxd5 32. Qg4 Rf4 33. Qg3 h5 34. Nb3 Rg4 35. Qe3
Nxg2 36. Qd4+ Qxd4 37. cxd4 Nxb3 38. Bxb3 Nh4+ 39. Kh1 Nf3 40. h3 Rh4 41. Kg2
Nxd4 42. Bd5 Rf4 43. Bb7 Re5 44. Rb4 c5 45. Rc4 Kf6 46. Re1 Kf5 47. f3 exf3+ 48.
Kf2 Rxe1 49. Kxe1 g4 50. Bc8+ Kg5 51. hxg4 hxg4 52. Bd7 Rf7 53. Be8 Re7+ 0-1

[Event "Eliminacje Strefowe do Mistrzostw Polski Juniorow i Mlodzikow (ZP+WP) C-13"]
[Site "Lazy, Centrum Fala 1"]
[Date "1899-12-30"]
[Round "4.10"]
[White "Swiderski, Milosz"]
[Black "Malaczek, Franciszek"]
[Result "1-0"]
[WhiteTitle "II"]
[BlackTitle "II"]
[WhiteElo "1313"]
[BlackElo "1188"]

1. e4 c5 2. c3 g6 3. Nf3 Bg7 4. d4 cxd4 5. cxd4 d6 6. Nc3 Nf6 7. Bc4 O-O 8. O-O
Qb6 9. Re1 Bg4 10. Re3 Nc6 11. h3 Bxf3 12. Rxf3 Qxd4 13. Qxd4 Nxd4 14. Rd3 Nc6
15. f3 Rac8 16. Bb3 a6 17. Bg5 h6 18. Bh4 g5 19. Bf2 Na5 20. h4 Nxb3 21. axb3
Rfd8 22. hxg5 hxg5 23. Be3 g4 24. Bg5 gxf3 25. Rxf3 Rd7 26. Raf1 Rf8 27. Rg3 Nh5
28. Rh3 Bd4+ 29. Kh1 Ng7 30. Nd5 f6 31. Bh6 Kf7 32. Nf4 Rh8 33. Bxg7 Rxh3+ 34.
gxh3 Kxg7 35. Ne6+ Kh6 36. Nxd4 Rc7 37. Nf5+ Kg5 38. Nd4 Kh4 39. Rg1 Kxh3 40.
Nf5 Rc1 41. Rxc1 1-0

[Event "Eliminacje Strefowe do Mistrzostw Polski Juniorow i Mlodzikow (ZP+WP) C-13"]
[Site "Lazy, Centrum Fala 1"]
[Date "1899-12-30"]
[Round "5.1"]
[White "Bury, Milosz"]
[Black "Wittych, Maciej"]
[Result "1-0"]
[WhiteTitle "II"]
[BlackTitle "II"]
[WhiteElo "1326"]
[BlackElo "1241"]

1. e4 e6 2. d4 d5 3. exd5 exd5 4. Bd3 Bd6 5. Ne2 Nf6 6. O-O O-O 7. Bg5 Bg4 8. h3
Bh5 9. Qd2 h6 10. Bh4 Nbd7 11. Nbc3 c6 12. Bg3 Bxg3 13. Nxg3 Re8 14. Rfe1 Qc7
15. Rxe8+ Rxe8 16. Re1 Qd8 17. Re3 Rxe3 18. Qxe3 Nf8 19. Nce2 Bg6 20. Nf4 Bxd3
21. Nxd3 Ng6 22. Ne5 Nxe5 23. dxe5 Ne4 24. Nxe4 dxe4 25. Qxe4 Qd5 26. Qxd5 cxd5
27. f4 Kf8 28. Kf2 Ke7 29. f5 h5 30. g4 hxg4 31. hxg4 g6 32. Ke3 gxf5 33. gxf5
Kd7 34. Kd4 Kc6 35. b4 a6 36. a4 f6 37. exf6 Kd6 38. f7 Ke7 39. Kxd5 Kxf7 40.
c4 Kf6 41. Ke4 b6 42. a5 bxa5 43. bxa5 Kf7 44. c5 Ke7 45. Kd5 Kd7 46. f6 Ke8 47.
Ke6 Kd8 48. f7 Kc7 49. f8=Q Kc6 50. Qd6+ Kb7 51. Kd7 Ka7 52. Kc7 Ka8 53. Qxa6#
1-0

[Event "Eliminacje Strefowe do Mistrzostw Polski Juniorow i Mlodzikow (ZP+WP) C-13"]
[Site "Lazy, Centrum Fala 1"]
[Date "1899-12-30"]
[Round "5.2"]
[White "Drzewiecki, Milosz"]
[Black "Kuczynski, Michal"]
[Result "0-1"]
[WhiteTitle "II"]
[BlackTitle "II"]
[WhiteElo "1210"]
[BlackElo "1279"]

1. e4 c6 2. d4 d5 3. exd5 cxd5 4. Nf3 Nc6 5. Bb5 Qb6 6. a4 a6 7. Bd3 Nxd4 8. Nxd4
Qxd4 9. Bb5+ axb5 10. Qxd4 Nf6 11. Nc3 b4 12. Qxb4 e5 13. O-O Bxb4 14. Nb5 O-O
15. c3 Be7 16. Re1 e4 17. Bg5 Be6 18. b3 Rac8 19. Rad1 h6 20. Bh4 Rfd8 21. h3
g5 22. Bg3 Bd7 23. Nc7 Bc6 24. c4 dxc4 25. bxc4 Bxa4 26. Rc1 Bd6 27. Nd5 Nxd5
28. cxd5 Rxc1 29. Rxc1 Bxg3 30. fxg3 Rxd5 31. Kf2 Bc6 32. Ke3 Rd3+ 33. Ke2 Rxg3
34. Kf2 Ra3 35. Rd1 Rd3 36. Re1 Rd2+ 37. Kg1 f5 38. Rf1 f4 39. h4 e3 40. Re1 Rxg2+
41. Kf1 Rg3 42. hxg5 Bb5+ 43. Re2 Bxe2+ 44. Ke1 Bd3 45. gxh6 Rg1# 0-1

[Event "Eliminacje Strefowe do Mistrzostw Polski Juniorow i Mlodzikow (ZP+WP) C-13"]
[Site "Lazy, Centrum Fala 1"]
[Date "1899-12-30"]
[Round "5.3"]
[White "Zeissel, Andrzej"]
[Black "Katny, Samuel"]
[Result "1-0"]
[WhiteTitle "II"]
[BlackTitle "II"]
[WhiteElo "1327"]
[BlackElo "1387"]

1. e4 e5 2. Nf3 Nc6 3. Bc4 Bc5 4. c3 Nf6 5. d4 exd4 6. cxd4 Bb4+ 7. Nc3 Nxe4 8.
O-O Bxc3 9. d5 Ne7 10. bxc3 d6 11. Qd4 Nf6 12. Bg5 Ng6 13. Rfe1+ Kf8 14. Bb5 Bd7
15. Bxf6 gxf6 16. Bxd7 Qxd7 17. Qxf6 Qd8 18. Qd4 Qd7 19. Re4 b6 20. Rae1 h6 21.
Nh4 Rh7 22. Nxg6+ fxg6 23. Re6 Rg7 24. Qf4+ Kg8 25. Qxh6 Qf7 26. Re7 Qxe7 27.
Rxe7 Rxe7 28. Qxg6+ Kf8 29. Qf6+ Ke8 30. Kf1 Rd8 31. h4 Rdd7 32. h5 Kd8 33. g4
Kc8 34. g5 Rf7 35. Qe6 Rfe7 36. Qg4 Kd8 37. g6 Ke8 38. h6 Kf8 39. h7 Kg7 40. Qd4+
Re5 41. f4 Rde7 42. fxe5 dxe5 43. Qh4 Re8 44. Ke2 Rh8 45. Qh5 Re8 46. Ke3 e4 47.
Qf5 Rf8 48. Qxf8+ Kxf8 49. h8=Q+ Ke7 50. Kxe4 Kd6 51. Qf6+ Kd7 52. Qe6+ Kd8 53.
g7 c6 54. g8=R+ Kc7 55. Qxc6# 1-0

[Event "Eliminacje Strefowe do Mistrzostw Polski Juniorow i Mlodzikow (ZP+WP) C-13"]
[Site "Lazy, Centrum Fala 1"]
[Date "1899-12-30"]
[Round "5.4"]
[White "Lesien, Tymoteusz"]
[Black "Rosenfeld, Noe"]
[Result "1/2-1/2"]
[WhiteTitle "II"]
[BlackTitle "II"]
[WhiteElo "1356"]
[BlackElo "1338"]

1. d4 Nf6 2. c4 e6 3. Nc3 Bb4 4. Bd2 c5 5. a3 cxd4 6. axb4 dxc3 7. Bxc3 d5 8. cxd5
exd5 9. Nf3 Be6 10. e3 O-O 11. Be2 Nbd7 12. O-O Ne4 13. Qd4 Ndf6 14. Rxa7 Nxc3
15. bxc3 Rxa7 16. Qxa7 Qc7 17. Nd4 Bd7 18. Bf3 Bg4 19. Rc1 Bxf3 20. Nxf3 Ne4 21.
c4 dxc4 22. Qd4 Nd6 23. Ne5 b5 24. Nf3 Re8 25. Qd5 Qb6 26. Nd4 Qa6 27. Nc2 Rd8
28. Ra1 Qb7 29. Qxb7 Nxb7 30. Nd4 Nd6 31. Nc6 Re8 32. Rd1 Ne4 33. Kf1 Kf8 34.
Rc1 Ra8 35. Nd4 1/2-1/2

[Event "Eliminacje Strefowe do Mistrzostw Polski Juniorow i Mlodzikow (ZP+WP) C-13"]
[Site "Lazy, Centrum Fala 1"]
[Date "1899-12-30"]
[Round "5.5"]
[White "Cholewa, Jan"]
[Black "Walkowski, Tobiasz"]
[Result "0-1"]
[WhiteTitle "II"]
[BlackTitle "II"]
[WhiteElo "1243"]
[BlackElo "1184"]

1. e4 e6 2. d4 d5 3. e5 c5 4. c3 Nc6 5. Nf3 Qb6 6. a3 c4 7. Nbd2 Na5 8. g3 Bd7
9. Bg2 Ne7 10. Nh4 Ng6 11. Nxg6 hxg6 12. h4 Be7 13. Nf3 Nb3 14. Rb1 Ba4 15. Nd2
Qb5 16. Nxb3 Bxb3 17. Qg4 Bc2 18. Ra1 Qb3 19. Bf3 Bd3 20. Bd1 Qb6 21. Be2 Bf5
22. Qf4 g5 23. Qd2 gxh4 24. gxh4 Bxh4 25. Qf4 Bxf2+ 26. Kxf2 Rxh1 27. Qg5 Rh7
28. Bd1 Qd8 29. Ba4+ Kf8 30. Qe3 Qh4+ 31. Ke2 Bd3+ 32. Kd2 Qh2+ 33. Ke1 Qh1+ 34.
Kd2 Rh2+ 35. Qe2 Rxe2# 0-1

[Event "Eliminacje Strefowe do Mistrzostw Polski Juniorow i Mlodzikow (ZP+WP) C-13"]
[Site "Lazy, Centrum Fala 1"]
[Date "1899-12-30"]
[Round "5.6"]
[White "Garwacki, Kornel"]
[Black "Labedzki, Kamil"]
[Result "1/2-1/2"]
[WhiteTitle "II"]
[BlackTitle "II"]
[WhiteElo "1166"]
[BlackElo "1128"]

1. e4 e5 2. Nf3 Nc6 3. Bc4 Nf6 4. Ng5 d5 5. exd5 Na5 6. Bb5+ c6 7. dxc6 bxc6 8.
Qf3 Be7 9. Ba4 O-O 10. O-O Bb7 11. d3 c5 12. Qe2 Qd5 13. Nf3 e4 14. dxe4 Nxe4
15. Rd1 Qh5 16. Rd7 Ng5 17. Bxg5 Bxf3 18. Qxf3 Qxf3 19. gxf3 Bxg5 20. Nc3 Nc4
21. Ne4 Bf4 22. Nxc5 Ne5 23. Rd5 Nxf3+ 24. Kg2 Nh4+ 25. Kh1 Ng6 26. Re1 h6 27.
b3 Rac8 28. c4 Bd2 29. Rxd2 Rxc5 30. Rd7 Rf5 31. Rxa7 Rxf2 32. a3 Nh4 33. Bc6
Rc8 34. Ra8 Rxa8 35. Bxa8 g5 36. Bd5 Kf8 37. c5 Nf3 38. Bxf3 Rxf3 39. b4 Rxa3
1/2-1/2

[Event "Eliminacje Strefowe do Mistrzostw Polski Juniorow i Mlodzikow (ZP+WP) C-13"]
[Site "Lazy, Centrum Fala 1"]
[Date "1899-12-30"]
[Round "5.7"]
[White "Pietras, Igor"]
[Black "Swiderski, Milosz"]
[Result "1-0"]
[WhiteTitle "II"]
[BlackTitle "II"]
[WhiteElo "1312"]
[BlackElo "1313"]

1. e4 d5 2. exd5 Qxd5 3. Nc3 Qd6 4. d4 Nf6 5. Nf3 Bg4 6. h3 Bh5 7. g4 Bg6 8. Ne5
a6 9. Bg2 c6 10. O-O Nbd7 11. Nxg6 hxg6 12. d5 cxd5 13. Nxd5 Nxd5 14. Qxd5 Qxd5
15. Bxd5 Rxh3 16. Bxb7 Ra7 17. Bc6 Rh4 18. f3 Rc7 19. Ba4 f5 20. Bg5 Rh3 21. Kg2
Rh7 22. Rad1 Rc4 23. Bxd7+ Kf7 24. c3 e5 25. gxf5 gxf5 26. Bxf5 Rh8 27. Rd7+ Ke8
28. Rfd1 Rc8 29. Bg6# 1-0

[Event "Eliminacje Strefowe do Mistrzostw Polski Juniorow i Mlodzikow (ZP+WP) C-13"]
[Site "Lazy, Centrum Fala 1"]
[Date "1899-12-30"]
[Round "5.8"]
[White "Lakowski, Filip"]
[Black "Melerowicz, Dominik"]
[Result "1-0"]
[WhiteTitle "II"]
[BlackTitle "II"]
[WhiteElo "1279"]
[BlackElo "1324"]

1. e4 c5 2. c3 d5 3. exd5 Qxd5 4. d4 Nc6 5. Nf3 cxd4 6. cxd4 Bg4 7. Be2 e6 8. O-O
Nf6 9. Be3 Rd8 10. Nc3 Qa5 11. a3 a6 12. Qd2 Be7 13. h3 Bxf3 14. Bxf3 O-O 15.
Rfd1 Rd7 16. Rac1 Rfd8 17. Rc2 Nxd4 18. Bxd4 e5 19. Qg5 Rxd4 20. Rxd4 Rxd4 21.
Bxb7 Ng4 22. Qc1 Bg5 23. Qf1 Nf6 24. Qxa6 Qc7 25. Nd5 Rd1+ 26. Kh2 Qd7 27. Rc8+
Ne8 28. Bc6 Bf4+ 29. Nxf4 Rh1+ 30. Kxh1 Qd1+ 31. Kh2 Qh1+ 32. Kxh1 Kf8 33. Rxe8#
1-0

[Event "Eliminacje Strefowe do Mistrzostw Polski Juniorow i Mlodzikow (ZP+WP) C-13"]
[Site "Lazy, Centrum Fala 1"]
[Date "1899-12-30"]
[Round "5.9"]
[White "Leszcz, Mateusz"]
[Black "Olszewski, Dawid"]
[Result "1-0"]
[WhiteTitle "II"]
[BlackTitle "II"]
[WhiteElo "1003"]
[BlackElo "1166"]

1. e4 a6 2. d4 b5 3. Nf3 Bb7 4. Bd3 Nf6 5. Qe2 e6 6. O-O c5 7. c3 Be7 8. Bg5 Qc7
9. Nbd2 h6 10. Bxf6 Bxf6 11. Rfe1 c4 12. Bc2 Nc6 13. a4 Be7 14. axb5 axb5 15.
Rxa8+ Bxa8 16. Ra1 O-O 17. h3 Bb7 18. d5 Ne5 19. Nxe5 Qxe5 20. Nf3 Qc7 21. dxe6
dxe6 22. Nd4 Qb6 23. Rb1 Bc5 24. Nf3 b4 25. cxb4 Qxb4 26. Ne5 Rd8 27. Nf3 Rd6
28. Ra1 g5 29. Rf1 Ba6 30. e5 Rb6 31. Qe4 Kf8 32. Rd1 Bb7 33. Qh7 Ke8 34. Qh8+
Bf8 35. Qf6 Qe7 36. Ba4+ Bc6 37. Bxc6+ Rxc6 38. Rc1 Qxf6 39. exf6 c3 40. Rxc3
Rxc3 41. bxc3 Ba3 42. Nd2 Bb2 43. Ne4 Kd7 44. Kf1 Kc6 45. Ke2 Kd5 46. Kd3 Kc6
47. f3 e5 48. Kc4 Ba3 49. Nf2 Kd6 50. Ne4+ Kc6 51. Ng3 Kd6 52. Nh5 Ke6 53. g4
Kd7 54. Kd5 Bb2 55. c4 Bd4 56. Ng3 Bb2 57. Nf5 e4 58. fxe4 Bxf6 59. e5 Bd8 60.
Nxh6 f6 61. Nf7 Be7 62. exf6 Bxf6 63. Ne5+ Ke7 64. c5 Bh8 65. Ng6+ 1-0

[Event "Eliminacje Strefowe do Mistrzostw Polski Juniorow i Mlodzikow (ZP+WP) C-13"]
[Site "Lazy, Centrum Fala 1"]
[Date "1899-12-30"]
[Round "5.10"]
[White "Malaczek, Franciszek"]
[Black "Kolendo, Kajetan"]
[Result "0-1"]
[WhiteTitle "II"]
[BlackTitle "II"]
[WhiteElo "1188"]
[BlackElo "1360"]

1. e4 e6 2. d4 d5 3. exd5 exd5 4. Nf3 Nf6 5. Bd3 Bd6 6. O-O O-O 7. h3 h6 8. Re1
Be6 9. Nc3 c6 10. Ne5 Nbd7 11. f4 Nb6 12. Qf3 c5 13. Be3 c4 14. Be2 Bf5 15. g4
Bxc2 16. h4 Ne4 17. g5 hxg5 18. hxg5 Nxc3 19. bxc3 Bh7 20. Kf2 f6 21. g6 fxe5
22. gxh7+ Kh8 23. dxe5 Bxe5 24. Qg4 Bxc3 25. f5 Qf6 26. Kg2 Bxa1 27. Rg1 Qxf5
28. Qg3 Be5 29. Qh4 Qe4+ 30. Qxe4 dxe4 0-1

[Event "Eliminacje Strefowe do Mistrzostw Polski Juniorow i Mlodzikow (ZP+WP) C-13"]
[Site "Lazy, Centrum Fala 1"]
[Date "1899-12-30"]
[Round "6.1"]
[White "Bury, Milosz"]
[Black "Zeissel, Andrzej"]
[Result "1/2-1/2"]
[WhiteTitle "II"]
[BlackTitle "II"]
[WhiteElo "1326"]
[BlackElo "1327"]

1. e4 e5 2. Nf3 Nc6 3. d4 exd4 4. Nxd4 Nf6 5. Nxc6 bxc6 6. Bd3 d5 7. Qe2 dxe4 8.
Bxe4 Nxe4 9. Qxe4+ Qe7 10. Qxe7+ Bxe7 11. O-O O-O 12. Nc3 Bf5 13. Bf4 Bd6 14.
Bxd6 cxd6 15. Rad1 d5 16. Rd2 Rfe8 17. f3 Re3 18. Ne2 Rae8 19. Nd4 Bd7 20. Kf2
Kf8 21. Re2 Rxe2+ 22. Nxe2 Ke7 23. b4 Kd6 24. Rd1 Kc7 25. Nd4 Kb6 26. a4 Kc7 27.
Nb3 Kb6 28. c3 Bc8 29. h4 Ba6 30. Re1 Rxe1 31. Kxe1 Bd3 32. Kd2 Bg6 33. g3 h5
34. f4 Bf5 35. a5+ Kc7 36. Ke3 g6 37. Kd4 Kd6 38. Nd2 Be6 39. c4 dxc4 40. Nxc4+
Bxc4 41. Kxc4 a6 42. Kd4 f5 43. Kc4 Kd7 1/2-1/2